000 nam a22 a 4500
999 _c342302
_d342302
003 BLK
005 20210810151620.0
008 180911b bul|||||r ||||||| ||bul||
010 _a001941
040 _aBLK
041 _aBUL
_cBUL
080 _aИталианска литература
_b821.131.1
_x-1
_z821.131.1-1
100 1 _aПетрарка, Франческо
_eпърви автор
_9109320
139 _aПетрарка, Франческо
245 0 0 _aСонети за Лаура
_cПетрарка
246 _pлирика-сонети
260 _aСофия
_bРалица
_c1934
300 _a99 с.
_c21 см
380 _aX
490 _aСветовни поети
_v2
490 _aЧастна колекция - Академик Михаил Арнаудов
_gДарение - Основен фонд
500 _aАвтограф с текст: На г. М. Арнаудов приятелски дар Н. Вранчев София 20. 3. 35;
653 _aлирика
653 _aсонети
655 _aиталианска литература
_9398612
700 1 _aФранческо Петрарка
_9398613
700 _aВранчев, Николай
_eпрев.
_9292958
852 _aМА 2014
_bМА
852 _aЦб 8.210.1552
_bЦб
942 _cKNG
_n0
_s1
944 _aCR
_c1997
_kValK
999 _d342302
999 _d342302